000
00267nam a22001217a 4500
020
_a
81-239-0134-4
082
_a
671.53 SHA'M
100
_a
SHAW, MILLAN C
_9
67566
245
_a
METALCUTTING PRINCIPLES
260
_a
DELHI
_b
CBS
_c
1992
300
_a
594P
942
_c
BK
999
_c
575311
_d
575311